000 00992cam a22003131 4500
001 8264
003 BD-RjUL
005 20211208234544.0
008 14 r19641950maua 001 0 eng
035 _a(BD-RjUL)8309
035 _a(OCoLC)351605
040 _aDLC
_cOYU
_dOCoLC
_dDLC
_dBD-RjUL
_beng
041 _aeng
082 0 4 _216
_a530
_bSEM 1964
100 1 _aSears, Francis Weston,
_d1898-1975.
_925763
245 0 0 _aMechanics, heat and sound /
_cFrancis weston sears
250 _a2nd ed.
260 _aCambridge, Mass. :
_bAddison-Wesley Press,
_c1950 [ printing 1964].
300 _ax, 571 p. :
_bill. ;
_c24 cm.
490 1 _aPrinciples of physics series
500 _aFirst ed. published in 1944 as v. 1 of the author's Principles of physics.
504 _aIncludes index.
650 0 _aMechanics.
_925764
650 0 _aHeat.
_925765
650 0 _aSound.
_925766
830 0 _aAddison-Wesley principles of physics series.
_9156677
942 _2ddc
_cBK
999 _c8264
_d8264